SHELTIE IN DANGER (Record no. 8705)
[ view plain ]
| 000 -LEADER | |
|---|---|
| fixed length control field | 00267nam a22001217a 4500 |
| 082 ## - DEWEY DECIMAL CLASSIFICATION NUMBER | |
| Classification number | 823 |
| Item number | CLO/S |
| 100 ## - MAIN ENTRY--AUTHOR NAME | |
| Personal name | CLOVER, PETER |
| 245 ## - TITLE STATEMENT | |
| Title | SHELTIE IN DANGER |
| 246 ## - VARYING FORM OF TITLE | |
| Title proper/short title | SHELTIE IN DANGER |
| Remainder of title | SHELTIE IN DANGER |
| 260 ## - PUBLICATION, DISTRIBUTION, ETC. (IMPRINT) | |
| Year of publication | 1997 |
| 650 ## - SUBJECT ADDED ENTRY--TOPICAL TERM | |
| Topical Term | ENGLISH STORY |
| 942 ## - ADDED ENTRY ELEMENTS (KOHA) | |
| Koha item type | Books |
| Withdrawn status | Lost status | Collection code | Home library | Current library | Shelving location | Date acquired | Cost, normal purchase price | Full call number | Accession Number | Koha item type |
|---|---|---|---|---|---|---|---|---|---|---|
| Fiction | Main Library | Main Library | 27/06/2024 | 90.00 | 823 CLO/S | 07538 | Books |